| 000 | 00474nam a2200157 a 4500 | ||
|---|---|---|---|
| 001 | 000014239 | ||
| 005 | 20200929163533.0 | ||
| 008 | 091208s1975 dr 000 0 spa d | ||
| 040 |
_aDO-SdBNP _bspa _cBNPHU |
||
| 082 |
_axxx _bH519m |
||
| 100 | 1 |
_aHenríquez Dinzey, Manuel _910897 |
|
| 245 | 1 | 4 |
_aLos mil sorteos de la Lotería Nacional / _cManuel Henríquez Dinzey. |
| 260 |
_aSanto Domingo : _bHorizontes de América, _c1975. |
||
| 300 |
_a70 p. ; _c28 cm. |
||
| 049 | _aBNPD | ||
| 999 |
_c13838 _d13838 |
||